Tiếng Việt trong thư tịch cổ Việt Nam

Salvato in:
Dettagli Bibliografici
Autore principale: Nguyễn, Thạch Giang
Natura: Libro
Lingua:Undetermined
Pubblicazione: Hà Nội Khoa học - Xã hội 2003
Soggetti:
Tags: Aggiungi Tag
Nessun Tag, puoi essere il primo ad aggiungerne! !
Thư viện lưu trữ: Trung tâm Học liệu Trường Đại học Cần Thơ
LEADER 00576nam a2200193Ia 4500
001 CTU_64358
008 210402s9999 xx 000 0 und d
020 |b 198000 
082 |a 495.922 
082 |b Gi106/Q.1 
100 |a Nguyễn, Thạch Giang 
245 0 |a Tiếng Việt trong thư tịch cổ Việt Nam 
245 0 |c Nguyễn Thạch Giang 
260 |a Hà Nội 
260 |b Khoa học - Xã hội 
260 |c 2003 
650 |a Vietnamese languages 
904 |i Nguyên sửa 
980 |a Trung tâm Học liệu Trường Đại học Cần Thơ